Zeszyty Teoretyczne Rachunkowości

Na minha lista:
Detalhes bibliográficos
Formato: Periódico
Idioma:inglês
polonês
Publicado em: Warszawa Rada Naukowa Stowarzyszenia Księgowych w Polsce
Tags: Adicionar Tag
Sem tags, seja o primeiro a adicionar uma tag!

MARC

LEADER 00000nas1a2200000 4500
001 0278308
005 20250701092131.8
022 |a 2391-677X 
022 |a 1641-4381 
041 0 |a eng 
041 0 |a pol 
044 |a PL 
245 1 0 |a Zeszyty Teoretyczne Rachunkowości 
264 1 |a Warszawa  |b Rada Naukowa Stowarzyszenia Księgowych w Polsce